Campeões da série C do Campeonato Brasileiro - Statistics

Estatísticas Gerais
  • Esse quiz foi jogado 37 vezes
  • A pontuação média é 18 de 35
Estatísticas das Respostas
Edição Campeão % Correto
1999 Fluminense
84%
2025 Ponte Preta
72%
2005 Remo
72%
2009 América-MG
69%
2006 Criciúma
69%
2022 Mirassol
69%
2019 Náutico
69%
2013 Santa Cruz
69%
2017 CSA
63%
1996 Vila Nova
63%
2015 Vila Nova
63%
2020 Vila Nova
63%
1998 Avaí
56%
2007 Bragantino
56%
2003 Ituano
56%
2021 Ituano
56%
2011 Joinville
56%
1997 Sampaio Corrêa
56%
2024 Volta Redonda
56%
1994 Novorizontino
53%
2010 ABC
50%
2023 Amazonas
50%
1990 Atlético-GO
47%
2008 Atlético-GO
47%
2002 Brasiliense
47%
2014 Macaé
47%
2012 Oeste
41%
1992 Tuna Luso
41%
1988 União São João
41%
1981 Olaria
38%
2001 Etti Jundiaí (Paulista)
31%
2016 Boa Esporte
28%
2018 Operário-PR
25%
1995 XV de Piracicaba
25%
2004 União Barbarense
19%
Nenhum quiz correspondente encontrado
Distribuição das Pontuações
Porcentagem de Pessoas com Cada Pontuação
Percentil de Números Respondidos
Sua Pontuação Histórica
Você não jogou esse quiz